000 00740nam a2200217 i 4500
001 146588
003 ES-MaACL
005 20250811070648.0
007 t|
008 070912s1967 sp ||||1| eng d
080 _a380.8(46):351.824.5"19"
245 0 0 _aTouring Spain.
260 _a[Madrid] :
_bMinisterio de Información y Turismo. Secretaría General Técnica. Oficina de Textos Legales,
_c1967.
300 _a63 p. ;
_c21 cm.
490 1 _aDivulgación Jurídica ;
_v6
650 1 4 _aTurismo-
_xLegislación-
_zEspaña.
_917671
710 1 0 _aEspaña.
_bMinisterio de Información y Turismo
_93886
830 0 _aDivulgación Jurídica ;
_v6
_9187427
852 _aES-MaACL
_jC-48372
_bR.68690
999 _c146588
_d146588